| Tag |
First Indicator |
Second Indicator |
Subfields |
| LEADER |
00000cas a2200000 a 4500 |
| 001 |
in00000043609 |
| 005 |
20151007074916.0 |
| 008 |
760420d1971197ulauuu1 1uuua0eng d |
| 010 |
|
|
|a sn 79006246
|
| 022 |
|
|
|a 0361-784X
|
| 030 |
|
|
|a PSFTAZ
|
| 035 |
|
|
|a (OCoLC)02124999
|
| 035 |
|
|
|9 AAF2302AM
|
| 040 |
|
|
|a NSD
|c NSD
|d MUL
|d NSD
|d MUL
|d NSD
|d YUS
|d TXA
|d UtOrBLW
|
| 042 |
|
|
|a nsdp
|
| 049 |
|
|
|a TXAE
|
| 090 |
|
|
|a SD399.5
|b .S67
|
| 111 |
2 |
|
|a Southern Forest Tree Improvement Conference.
|
| 210 |
1 |
|
|a Proc. South. For. Tree Improv. Conf.
|
| 222 |
|
0 |
|a Proceedings - Southern Forest Tree Improvement Conference
|
| 245 |
1 |
0 |
|a Proceedings.
|
| 264 |
|
1 |
|a [v.p.] :
|b [publisher not identified]
|
| 300 |
|
|
|a volumes :
|b illustrations ;
|c 28 cm.
|
| 336 |
|
|
|a text
|b txt
|2 rdacontent
|
| 337 |
|
|
|a unmediated
|b n
|2 rdamedia
|
| 338 |
|
|
|a volume
|b nc
|2 rdacarrier
|
| 362 |
0 |
|
|a 11th (1971)-12th (197 ).
|
| 490 |
1 |
|
|a Sponsored publication of the Southern Forest Tree Improvement Committee, no. 33 etc
|
| 550 |
|
|
|a Sponsored by Southern Forest Tree Improvement Committee.
|
| 650 |
|
0 |
|a Trees
|x Breeding
|v Congresses.
|
| 650 |
|
0 |
|a Forest genetics
|v Congresses.
|
| 710 |
2 |
|
|a Southern Forest Tree Improvement Committee.
|
| 780 |
0 |
0 |
|t Proceedings of the ... Southern Conference on Forest Tree Improvement
|x 0584-4444 (OCoLC) 1766182
|
| 785 |
0 |
0 |
|t Proceedings of the ... Southern Forest Tree Improvement Conference (OCoLC) 13566955
|
| 830 |
|
0 |
|a Sponsored publication (Southern Forest Tree Improvement Committee)
|
| 999 |
|
|
|a MARS
|
| 999 |
f |
f |
|s dfad3419-3ba7-37ac-a7ba-38f2bc6765fa
|i 96a69d36-f9a4-385a-be2b-9ae7c05f0d05
|t 0
|
| 952 |
f |
f |
|p ric
|a Texas A&M University
|b Rellis Campus
|c Joint Library Facility
|d Remote Storage
|t 0
|e SD399.5 .S67
|h Library of Congress classification
|i unmediated -- volume
|k 11th
|l 1971
|m A14807223541
|
| 998 |
f |
f |
|a SD399.5 .S67
|s 11th (1971)
|t 0
|l Remote Storage
|